| 000 | 01033cam a2200313 i 4500 | ||
|---|---|---|---|
| 001 | 200462441 | ||
| 003 | TR-AnTOB | ||
| 005 | 20241118100945.0 | ||
| 007 | ta | ||
| 008 | 231108s2022 tu 000 0 tur d | ||
| 020 |
_a9789751743138 _q(hardcover) |
||
| 040 |
_aWAU _beng _erda _cWAU _dOCLCO _dDLC _dTR-AnTOB |
||
| 041 | 0 |
_atur _aalb |
|
| 050 | 0 | 0 |
_aPG9584.T8 _bX43 2022 |
| 090 |
_aPG9584.T8 _bX43 2022 |
||
| 100 | 1 |
_aXhanari, Lindita Latifi _eauthor _9111644 |
|
| 245 | 1 | 0 |
_aArnavutçadaki Türkçe alıntılar / _cLindita Latifi Xhanari. |
| 250 | _aBirinci baskı : Ankara, 2022 Haziran | ||
| 264 | 1 |
_aAnkara : _bTürk Dil Kurumu Yayınları, _c2022. |
|
| 300 |
_a300 pages ; _c24 cm |
||
| 336 |
_atext _btxt _2rdacontent |
||
| 337 |
_aunmediated _bn _2rdamedia |
||
| 338 |
_avolume _bnc _2rdacarrier |
||
| 490 | 0 |
_aTürk Dil Kurumu Yayınları ; _v1476 |
|
| 504 | _aBIB | ||
| 650 | 7 |
_aArnavutluk dili _xYabancı kelimeler ve deyimler _xTürkçe _2etuturkob _vSözlükler _9147001 |
|
| 942 |
_2lcc _cBK |
||
| 999 |
_c200462441 _d80653 |
||